000 00826nam a2200229 i 4500
001 165896
003 ES-MaACL
005 20250826053622.0
008 990701s1882 fr |||| | fre d
100 1 _aSully, James.
_9108763
245 1 3 _aLe pessimisme
_b: (histoire et critique) /
_cpar James Sully ; traduit de l'anglais par Alexis Bertrand et Paul Gerard.
260 _aParis :
_bLibrairie Germer Baillière et Cie.,
_c1882 (
_eCoulommiers :
_fTyp. Paul Brodard)
300 _a452 p. ;
_c22 cm.
650 7 _aPesimismo
_2embne
_9170652
700 1 _aBertrand, Alexis.
_928517
700 1 _aGerard, Paul.
_9170654
752 _aFrancia -
_dColommiers
752 _aFrancia -
_dParís
852 _aES-MaACL
_jD-4557
_z- Enc. cart.
852 _aES-MaACL
_jB-7186
_z- Enc. pasta española
999 _c165896
_d165896